| 000 | 00417nam a22001577a 4500 | ||
|---|---|---|---|
| 005 | 20230119102827.0 | ||
| 008 | 190911b xxu||||| |||| 00| 0 eng d | ||
| 020 | _a81-256-0080-9 | ||
| 041 | _aeng | ||
| 100 |
_aMAHESHWARI, B. UMA AND SAMPATH, Dr. K. _96679 |
||
| 245 | _aHUMAN ANATOMY AND PHYSIOLOGY | ||
| 260 |
_aDELHI _bBIRLA PUB. PVT. LTD |
||
| 300 | _a216p, | ||
| 650 |
_aPHARMACY _xB.PHARMA _97083 |
||
| 942 | _cBK | ||
| 999 |
_c5981 _d5979 |
||